000 01635cam a2200301 a 4500
001 2058317
003 OSt
005 20210227162534.0
008 930527s1992 ec ab b 000 0 spa
020 _a9978670203
020 _a9978670017 (colección)
040 _aCENDOC CAAAP
_cCAAAP
_bspa
050 _aFN
_b47 B72
100 _aBonnett Vélez, Diana
_91310
245 1 4 _aLos protectores de naturales en la Audiencia de Quito :
_bsiglos XVII y XVIII /
_cDiana Bonnett V.
250 _a1ra. ed.
260 _aQuito, Ecuador :
_bFacultad Latinoamericana de Ciencias Sociales, Sede Ecuador,
_c1992.
300 _a153 p. :
_bil., mapas ;
_c22 cm.
490 1 _aColección Tesis. Historia
504 _aIncluye referencias bibliográficas.
505 _aEl protector de naturales en la audiencia de Quito: planteamiento del problema, estado de la cuestión, antecedentes y funcionamiento de la institución -- Estructura jurídica de la colonia : participación de las autoridades locales en los conflictos de indios -- Los protectores de naturales frente a la problemática indígena : los conflictos por tierra -- Conflíctos por imposiciones tributarias -- Abusos de autoridades, conflictos en obrajes y otras causas.
650 0 _aIndians of South America
_zEcuador
_xGovernment relations.
650 0 _aIndígenas de América del Sur
_zEcuador
_xRelaciones gubernamentales
_9837
650 0 _aIndians of South America
_zEcuador
_xLegal status, laws, etc.
650 0 _aIndígenas de América del Sur
_zEcuador
_xLegislación
_91311
830 0 _aColección Tesis (FLACSO (Organization). Sede Ecuador).
_pHistoria.
942 _2lcc
_cBK
999 _c515
_d515